| 000 | 01672cam a2200349 a 4500 | ||
|---|---|---|---|
| 001 | 11949351 | ||
| 005 | 20210414113851.0 | ||
| 008 | 000322s2001 mauab b 001 0 eng | ||
| 010 | _a 00036152 | ||
| 020 | _a0072315024 (combined : acidfree paper) | ||
| 020 | _a0072315075 (v. 1 : acidfree paper) | ||
| 020 | _a0072315091 (v. 2 : acidfree paper) | ||
| 040 |
_aDLC _cDLC _dDLC |
||
| 043 | _an-us--- | ||
| 050 | 0 | 0 |
_aE178.1.N346 _b |
| 082 | 0 | 0 | _221 |
| 100 | _aDavidson, James West. | ||
| 245 | 0 | 0 |
_aNation of nations : _ba narrative history of the American republic / _cJames West Davidson ... [et al.]. |
| 250 | _a4th ed. | ||
| 260 |
_aBoston : _bMcGraw-Hill, _cc2001. |
||
| 300 |
_a560p + various pagings: _bill. (some col.), maps (some col.) ; _c26 cm. |
||
| 504 | _aIncludes bibliographical references and index. | ||
| 505 | 0 | _aContents: Settling and civilizing the America -- The Creaion of a new America -- The Creation of a new Republic -- The Republic transformed and tested. | |
| 538 | _aSystem requirements: Windows (OS 95 and up) or Mac (OS 7.5 and up), with 16mb RAM, 2X CD-ROM drive, Netscape or Microsoft IE Browser (version 4.0 or later). | ||
| 651 | 0 |
_aUnited States _xHistory. |
|
| 700 | 1 | _aDavidson, James West. | |
| 700 | 1 | _aGienapp, William E. | |
| 700 | 1 | _aHeyrman, Christine Leigh. | |
| 700 | 1 | _aLytle, Mark H. | |
| 942 |
_2lcc _cBK |
||
| 999 |
_c185 _d7685 |
||